[Event "Amsterdam Chess Tournament 2005"]
[Site "Amsterdam NED"]
[Date "2005.07.21"]
[Round "6.40"]
[White "Bensdorp, Marlies"]
[Black "Ansell, Simon"]
[Result "0-1"]
[WhiteElo "2225"]
[BlackElo "2407"]
[PlyCount "96"]
[EventDate "2005.07.16"]
[EventType "tourn"]
[EventRounds "9"]
[EventCountry "NED"]
[Source "lmi"]
[SourceDate "2005.07.25"]

1. d4 d5 2. c4 c6 3. Nf3 Nf6 4. cxd5 cxd5 5. Nc3 Nc6 6. Bf4 e6 7. e3 Be7 8. Bd3
Nh5 9. Be5 Nxe5 10. Nxe5 Nf6 11. Qa4+ Nd7 12. Bb5 f6 13. Nxd7 Bxd7 14. Bxd7+
Qxd7 15. Qxd7+ Kxd7 16. Ke2 Rac8 17. Rac1 Rc6 18. Kd3 Rhc8 19. Ne2 Bd6 20. h3
g5 21. Rxc6 bxc6 22. Rc1 h5 23. f3 f5 24. b3 Rg8 25. Rh1 c5 26. Nc3 Rc8 27.
dxc5 Bxc5 28. Rc1 Bb6 29. Ne2 Rf8 30. b4 e5 31. Nc3 e4+ 32. Kd2 exf3 33. gxf3
Kd6 34. a4 Re8 35. Nb5+ Kd7 36. Re1 a5 37. Nc3 d4 38. exd4 Rxe1 39. Kxe1 axb4
40. Ne2 Ke6 41. Kd2 h4 42. Ke3 Kd5 43. Kd3 Bc7 44. Ng1 Ba5 45. Ne2 Bb6 46. Nc1
Bxd4 47. Nb3 Ba7 48. Nd2 Ke5 0-1

[Event "Amsterdam Chess Tournament 2005"]
[Site "Amsterdam NED"]
[Date "2005.07.21"]
[Round "6.41"]
[White "Spence, David"]
[Black "Martyn, Rafe"]
[Result "1/2-1/2"]
[WhiteElo "2218"]
[BlackElo "2340"]
[PlyCount "39"]
[EventDate "2005.07.16"]
[EventType "tourn"]
[EventRounds "9"]
[EventCountry "NED"]
[Source "lmi"]
[SourceDate "2005.07.25"]

1. d4 Nf6 2. Nf3 e6 3. c4 b6 4. Bg5 Bb4+ 5. Nfd2 c5 6. a3 Bxd2+ 7. Qxd2 Ne4 8.
Bxd8 Nxd2 9. Nxd2 Kxd8 10. dxc5 bxc5 11. Ne4 Na6 12. O-O-O Ke7 13. Nd6 Rb8 14.
e4 Rb6 15. e5 f6 16. f4 Nb8 17. exf6+ gxf6 18. Nxc8+ Rxc8 19. g4 Rg8 20. Rg1
1/2-1/2

[Event "Amsterdam Chess Tournament 2005"]
[Site "Amsterdam NED"]
[Date "2005.07.21"]
[Round "6.42"]
[White "Overeem, Marc"]
[Black "Wong, Zi Jing"]
[Result "0-1"]
[WhiteElo "2199"]
[BlackElo "2330"]
[PlyCount "110"]
[EventDate "2005.07.16"]
[EventType "tourn"]
[EventRounds "9"]
[EventCountry "NED"]
[Source "lmi"]
[SourceDate "2005.07.25"]

1. c4 Nf6 2. Nc3 c5 3. Nf3 Nc6 4. d4 cxd4 5. Nxd4 e6 6. g3 Qb6 7. Ndb5 Ne5 8.
Bf4 Bc5 9. Bg2 Nfg4 10. e3 a6 11. Na4 Qa5+ 12. Nbc3 Be7 13. c5 g5 14. Bxe5 Nxe5
15. Qd4 f6 16. f4 gxf4 17. gxf4 Nc6 18. Qd1 h5 19. Qd3 Rg8 20. Bxc6 bxc6 21.
Qh7 Rg2 22. Qh8+ Bf8 23. Qxh5+ Kd8 24. O-O-O Rb8 25. b3 Qb4 26. Rd2 Rxd2 27.
Kxd2 Kc7 28. Qe2 Bxc5 29. Qc4 Qxc4 30. bxc4 Bf8 31. h4 d5 32. h5 Bh6 33. Rg1 d4
34. Ne4 dxe3+ 35. Kxe3 e5 36. Nxf6 Bxf4+ 37. Kf3 Bf5 38. Nc5 Rb2 39. Rg2 Rb1
40. Ne8+ Kb6 41. Ne4 Rf1+ 42. Nf2 Re1 43. Rg8 Re3+ 44. Kg2 Be6 45. Rg7 Bxc4 46.
Nd6 Bxa2 47. Rb7+ Kc5 48. Nf5 Bd5+ 49. Kf1 Bc4+ 50. Kg2 Re1 51. h6 e4 52. Ng4
e3 53. Ngxe3 Bxe3 54. h7 Bd5+ 55. Kg3 Rg1+ 0-1

[Event "Amsterdam Chess Tournament 2005"]
[Site "Amsterdam NED"]
[Date "2005.07.21"]
[Round "6.44"]
[White "Drost, Peter"]
[Black "Vogel, Jaap"]
[Result "0-1"]
[WhiteElo "2203"]
[BlackElo "2291"]
[PlyCount "106"]
[EventDate "2005.07.16"]
[EventType "tourn"]
[EventRounds "9"]
[EventCountry "NED"]
[Source "lmi"]
[SourceDate "2005.07.25"]

1. d4 Nf6 2. c4 e6 3. Nf3 b6 4. g3 Bb7 5. Bg2 Be7 6. O-O O-O 7. Re1 Na6 8. Nc3
Ne4 9. Nxe4 Bxe4 10. Nd2 Bxg2 11. Kxg2 d5 12. cxd5 Qxd5+ 13. Nf3 Rfd8 14. e4
Qb7 15. Qe2 c5 16. Be3 Rac8 17. Rac1 b5 18. Bf4 Bf6 19. e5 Be7 20. Kg1 c4 21.
a3 Nc7 22. Bg5 Nd5 23. Qe4 h6 24. Bd2 Qb6 25. Qg4 Kf8 26. h4 a5 27. Qh5 b4 28.
Ng5 Bxg5 29. hxg5 g6 30. Qxh6+ Ke7 31. Qh4 c3 32. bxc3 bxc3 33. Be3 Rb8 34. Qe4
Rdc8 35. Rb1 Qc6 36. Rxb8 Rxb8 37. Bc1 a4 38. g4 Qb5 39. f4 Qb1 40. Qe2 Qb6 41.
Qe4 Rc8 42. f5 Rc4 43. fxg6 Rxd4 44. Be3 Rxe4 45. Bxb6 Rxe1+ 46. Kf2 c2 47.
Bc5+ Kd7 48. g7 c1=Q 49. g8=Q Qd2+ 50. Kf3 Qf4+ 51. Kg2 Qxg4+ 52. Kf2 Re2+ 53.
Kf1 Qg2# 0-1

[Event "Amsterdam Chess Tournament 2005"]
[Site "Amsterdam NED"]
[Date "2005.07.21"]
[Round "6.45"]
[White "Narings, Niek"]
[Black "Monteban, Martijn"]
[Result "0-1"]
[WhiteElo "2263"]
[BlackElo "2260"]
[PlyCount "69"]
[EventDate "2005.07.16"]
[EventType "tourn"]
[EventRounds "9"]
[EventCountry "NED"]
[Source "lmi"]
[SourceDate "2005.07.25"]

1. e4 e5 2. Nf3 Nf6 3. Nxe5 d6 4. Nf3 Nxe4 5. Nc3 Nxc3 6. dxc3 Be7 7. Bf4 O-O
8. Qd2 Nd7 9. O-O-O Nc5 10. h4 Bf6 11. Ng5 Qd7 12. Kb1 h6 13. Bc4 Qf5 14. f3
hxg5 15. hxg5 Be5 16. Bxe5 dxe5 17. Rh4 Ne6 18. Rdh1 f6 19. g6 Qxg6 20. Rh8+
Kf7 21. Rxf8+ Kxf8 22. Rh8+ Ke7 23. Bxe6 Kxe6 24. g4 b6 25. Rd8 Ke7 26. b3 Qf7
27. g5 f5 28. c4 Qe6 29. Rh8 Bb7 30. Rh7 Qg6 31. Qh2 Kf7 32. Rh5 Re8 33. Rh8
Rxh8 34. Qxh8 Qxg5 35. Qh2 0-1

[Event "Amsterdam Chess Tournament 2005"]
[Site "Amsterdam NED"]
[Date "2005.07.21"]
[Round "6.48"]
[White "Gavin Roche, Enrique"]
[Black "Koehler, Aran"]
[Result "1/2-1/2"]
[WhiteElo "2230"]
[BlackElo "2223"]
[PlyCount "95"]
[EventDate "2005.07.16"]
[EventType "tourn"]
[EventRounds "9"]
[EventCountry "NED"]
[Source "lmi"]
[SourceDate "2005.07.25"]

1. d4 Nf6 2. c4 e6 3. Nf3 c5 4. e3 a6 5. Nc3 Qc7 6. a3 b6 7. Bd3 Bb7 8. b3 Bd6
9. Bb2 cxd4 10. exd4 Bf4 11. Qe2 d5 12. O-O Nbd7 13. Rfe1 O-O 14. Ne5 dxc4 15.
Bxc4 b5 16. Bd3 Nxe5 17. dxe5 Nd7 18. g3 Bxe5 19. Nxb5 Qc6 20. Be4 Qxe4 21.
Qxe4 Bxe4 22. Bxe5 Nxe5 23. Rxe4 Nf3+ 24. Kg2 Nd2 25. Re2 Nxb3 26. Rb1 axb5 27.
Rxb3 Rfb8 28. Reb2 g6 29. Rxb5 Rxb5 30. Rxb5 Rxa3 31. h4 h6 32. Rc5 Kg7 33. Rc4
e5 34. Rc6 Rd3 35. Ra6 h5 36. Rb6 Kf8 37. Rb5 f6 38. Rb7 e4 39. Rb4 f5 40. Rb7
Rd2 41. Kg1 Rd6 42. Kf1 Rf6 43. f3 f4 44. fxe4 fxg3+ 45. Kg2 Rf4 46. Kxg3 Rg4+
47. Kh3 Rxe4 48. Kg3 1/2-1/2

[Event "Amsterdam Chess Tournament 2005"]
[Site "Amsterdam NED"]
[Date "2005.07.21"]
[Round "6.49"]
[White "Blanchard, Jack"]
[Black "Riemens, Albert"]
[Result "1/2-1/2"]
[WhiteElo "2219"]
[BlackElo "2210"]
[PlyCount "104"]
[EventDate "2005.07.16"]
[EventType "tourn"]
[EventRounds "9"]
[EventCountry "NED"]
[Source "lmi"]
[SourceDate "2005.07.25"]

1. d4 Nf6 2. c3 g6 3. Nf3 Bg7 4. Bg5 O-O 5. Nbd2 d5 6. e3 b6 7. Be2 Bb7 8. O-O
Nbd7 9. a4 a5 10. h3 Ne4 11. Nxe4 dxe4 12. Nd2 h6 13. Bh4 g5 14. Bg3 f5 15. f4
exf3 16. Bxf3 Bxf3 17. Nxf3 Rc8 18. Qb3+ Kh7 19. Rad1 Qe8 20. Qe6 Rf6 21. Qc4
Rf8 22. Qe6 Rf6 23. Qd5 e6 24. Qb7 Rf7 25. Qa6 Nb8 26. Qc4 Qc6 27. Qb3 Qd5 28.
Qc2 Kg8 29. Rfe1 Qd7 30. Re2 Qe8 31. Be5 Nd7 32. Bxg7 Kxg7 33. e4 f4 34. e5 Rf8
35. Nd2 Qg6 36. Qxg6+ Kxg6 37. Rf1 Rf5 38. Nf3 Re8 39. Ree1 Rff8 40. Nd2 h5 41.
h4 Rf5 42. hxg5 Kxg5 43. Nf3+ Kg4 44. Kf2 h4 45. Rh1 Rh8 46. Rh3 Rfh5 47. Reh1
Nf8 48. Ke2 Ng6 49. Kd3 Ne7 50. Nh2+ Kg5 51. Nf3+ Kg4 52. Nh2+ Kg5 1/2-1/2

[Event "Amsterdam Chess Tournament 2005"]
[Site "Amsterdam NED"]
[Date "2005.07.22"]
[Round "7.3"]
[White "L'Ami, Erwin"]
[Black "Timofeev, Artyom"]
[Result "1/2-1/2"]
[WhiteElo "2519"]
[BlackElo "2661"]
[PlyCount "70"]
[EventDate "2005.07.16"]
[EventType "tourn"]
[EventRounds "9"]
[EventCountry "NED"]
[Source "lmi"]
[SourceDate "2005.07.25"]

1. d4 d5 2. c4 e6 3. Nf3 c6 4. Bg5 Be7 5. Bxe7 Qxe7 6. Nbd2 Nf6 7. g3 O-O 8.
Bg2 b6 9. O-O Bb7 10. Qc2 Nbd7 11. Rfd1 Rac8 12. Rac1 c5 13. Qa4 a6 14. Qa3
dxc4 15. Nxc4 b5 16. Na5 b4 17. Qe3 Bd5 18. dxc5 Rxc5 19. Rxc5 Qxc5 20. Qxc5
Nxc5 21. b3 Nce4 22. Ne5 Nc3 23. Rd2 Rb8 24. f3 g5 25. e4 Rb5 26. Nac6 Bxc6 27.
Nxc6 a5 28. Rd8+ Kg7 29. Ra8 Rc5 30. Nxa5 Nxa2 31. Nc4 Nc1 32. Rb8 Nxb3 33.
Rxb4 Nd4 34. Ne3 Nc2 35. Rc4 Rxc4 1/2-1/2

[Event "Amsterdam Chess Tournament 2005"]
[Site "Amsterdam NED"]
[Date "2005.07.22"]
[Round "7.5"]
[White "Belkhodja, Slim"]
[Black "Erenburg, Sergey"]
[Result "1/2-1/2"]
[WhiteElo "2468"]
[BlackElo "2595"]
[PlyCount "28"]
[EventDate "2005.07.16"]
[EventType "tourn"]
[EventRounds "9"]
[EventCountry "NED"]
[Source "lmi"]
[SourceDate "2005.07.25"]

1. e4 c6 2. d3 d5 3. Nd2 Qc7 4. Ngf3 Bg4 5. h3 Bh5 6. Be2 e6 7. O-O Be7 8. b3
Nf6 9. Bb2 O-O 10. Ne5 Bxe2 11. Qxe2 dxe4 12. dxe4 Nbd7 13. Nxd7 Nxd7 14. Rad1
Rfd8 1/2-1/2

[Event "Amsterdam Chess Tournament 2005"]
[Site "Amsterdam NED"]
[Date "2005.07.22"]
[Round "7.6"]
[White "Megaranto, Susanto"]
[Black "Avrukh, Boris"]
[Result "0-1"]
[WhiteElo "2499"]
[BlackElo "2652"]
[PlyCount "66"]
[EventDate "2005.07.16"]
[EventType "tourn"]
[EventRounds "9"]
[EventCountry "NED"]
[Source "lmi"]
[SourceDate "2005.07.25"]

1. e4 e5 2. Nf3 Nc6 3. Bb5 a6 4. Ba4 Nf6 5. O-O Be7 6. Re1 b5 7. Bb3 d6 8. c3
O-O 9. h3 Na5 10. Bc2 c5 11. d4 Qc7 12. d5 Bd7 13. Nbd2 c4 14. Nf1 Nb7 15. g4
h5 16. N3h2 g6 17. Bh6 Rfe8 18. Qf3 Qd8 19. Ne3 h4 20. Kh1 Nh7 21. Nf5 Bg5 22.
Rg1 f6 23. Bxg5 Nxg5 24. Qe3 gxf5 25. gxf5 Kf7 26. Nf3 Rg8 27. Nxh4 Rh8 28. Rg4
Rh5 29. Kg2 Qc7 30. Rh1 Rg8 31. Qg3 Nc5 32. Ng6 Ncxe4 33. Bxe4 Nxe4 0-1

[Event "Amsterdam Chess Tournament 2005"]
[Site "Amsterdam NED"]
[Date "2005.07.22"]
[Round "7.9"]
[White "Huzman, Alexander"]
[Black "Holzke, Frank"]
[Result "1/2-1/2"]
[WhiteElo "2577"]
[BlackElo "2478"]
[PlyCount "59"]
[EventDate "2005.07.16"]
[EventType "tourn"]
[EventRounds "9"]
[EventCountry "NED"]
[Source "lmi"]
[SourceDate "2005.07.25"]

1. d4 Nf6 2. c4 g6 3. Nc3 d5 4. cxd5 Nxd5 5. Bd2 Bg7 6. e4 Nb6 7. Be3 O-O 8.
Bb5 e5 9. dxe5 c6 10. Be2 Bxe5 11. Qc2 Bg7 12. Nf3 N8d7 13. a4 Ne5 14. Nxe5
Bxe5 15. a5 Nd7 16. O-O Re8 17. a6 bxa6 18. Na4 Nf6 19. Rad1 Qe7 20. f4 Bd6 21.
e5 Nd5 22. Bd4 Bb4 23. Nc5 Bf5 24. Qc1 Nc3 25. bxc3 Bxc5 26. Bxa6 Rab8 27. Rf2
Red8 28. Qa1 Bxd4 29. cxd4 Qb4 30. h3 1/2-1/2

[Event "Amsterdam Chess Tournament 2005"]
[Site "Amsterdam NED"]
[Date "2005.07.22"]
[Round "7.11"]
[White "Siebrecht, Sebastian"]
[Black "Smeets, Jan"]
[Result "1/2-1/2"]
[WhiteElo "2487"]
[BlackElo "2537"]
[PlyCount "30"]
[EventDate "2005.07.16"]
[EventType "tourn"]
[EventRounds "9"]
[EventCountry "NED"]
[Source "lmi"]
[SourceDate "2005.07.25"]

1. d4 d5 2. Nf3 c6 3. e3 Bf5 4. c4 e6 5. Nc3 Nd7 6. Bd3 Bxd3 7. Qxd3 Ngf6 8.
O-O Bb4 9. Bd2 a5 10. Ne2 Bd6 11. Nc3 Bb4 12. Ne2 Be7 13. Nc3 Bb4 14. Ne2 Bd6
15. Nc3 Bb4 1/2-1/2

[Event "Amsterdam Chess Tournament 2005"]
[Site "Amsterdam NED"]
[Date "2005.07.22"]
[Round "7.12"]
[White "Van Delft, Merijn"]
[Black "Stellwagen, Daniel"]
[Result "1/2-1/2"]
[WhiteElo "2369"]
[BlackElo "2533"]
[PlyCount "67"]
[EventDate "2005.07.16"]
[EventType "tourn"]
[EventRounds "9"]
[EventCountry "NED"]
[Source "lmi"]
[SourceDate "2005.07.25"]

1. e4 e6 2. d4 d5 3. Nd2 Nf6 4. e5 Nfd7 5. Bd3 c5 6. c3 Nc6 7. Ne2 cxd4 8. cxd4
f6 9. exf6 Nxf6 10. Nf3 Bd6 11. O-O Qc7 12. Bg5 O-O 13. Rc1 Nh5 14. Ng3 Nf4 15.
Bb1 Bd7 16. Re1 Qb6 17. Re3 Rac8 18. Rb3 Qc7 19. Rbc3 Be8 20. a3 Bg6 21. Bxg6
Nxg6 22. R1c2 Qd7 23. Be3 Bc7 24. Nd2 Bb6 25. Nb3 Qf7 26. Nc5 e5 27. b4 Rce8
28. h3 exd4 29. Bxd4 Nge5 30. Ne2 Nc4 31. Rg3 Nxd4 32. Qxd4 Bxc5 33. bxc5 Kh8
34. Nc3 1/2-1/2

[Event "Amsterdam Chess Tournament 2005"]
[Site "Amsterdam NED"]
[Date "2005.07.22"]
[Round "7.14"]
[White "Van der Wiel, John"]
[Black "Pliester, Leon"]
[Result "1-0"]
[WhiteElo "2508"]
[BlackElo "2378"]
[PlyCount "61"]
[EventDate "2005.07.16"]
[EventType "tourn"]
[EventRounds "9"]
[EventCountry "NED"]
[Source "lmi"]
[SourceDate "2005.07.25"]

1. e4 c5 2. Nf3 d6 3. d4 cxd4 4. Nxd4 Nf6 5. Nc3 a6 6. a4 e5 7. Nde2 Be6 8. g3
Be7 9. Bg2 O-O 10. h3 Nbd7 11. O-O Rc8 12. b3 Re8 13. a5 Qc7 14. Be3 Bf8 15.
Qd2 h6 16. f4 exf4 17. gxf4 Nc5 18. Bd4 Ncxe4 19. Nxe4 Nxe4 20. Bxe4 Bxh3 21.
Ng3 Bxf1 22. Rxf1 d5 23. Bf5 Rcd8 24. Nh5 Bc5 25. Kh1 Re2 26. Qc3 Bd6 27. Qg3
g5 28. Qd3 Re4 29. Nf6+ Kf8 30. Nxd5 Rxd4 31. Qxd4 1-0

[Event "Amsterdam Chess Tournament 2005"]
[Site "Amsterdam NED"]
[Date "2005.07.22"]
[Round "7.15"]
[White "Janssen, Ruud"]
[Black "Ivanov, Jordan Mitev"]
[Result "0-1"]
[WhiteElo "2501"]
[BlackElo "2347"]
[PlyCount "74"]
[EventDate "2005.07.16"]
[EventType "tourn"]
[EventRounds "9"]
[EventCountry "NED"]
[Source "lmi"]
[SourceDate "2005.07.25"]

1. d4 d5 2. c4 dxc4 3. Nf3 c5 4. e3 Nf6 5. Bxc4 e6 6. O-O a6 7. Bb3 Nc6 8. Nc3
cxd4 9. exd4 Be7 10. Bg5 O-O 11. Qd2 Na5 12. Bc2 b5 13. Rad1 Bb7 14. d5 exd5
15. Qd3 g6 16. Rfe1 b4 17. Nxd5 Nxd5 18. Bxe7 Nxe7 19. Qxd8 Rfxd8 20. Rxe7 Bd5
21. b3 Rac8 22. Ne1 Nc6 23. Re2 Be6 24. Red2 Rxd2 25. Rxd2 a5 26. f4 Na7 27.
Bd3 Rc1 28. Kf2 Ra1 29. Rc2 Nc8 30. Nf3 Nb6 31. Nd4 Nd5 32. Nc6 Nxf4 33. Bf1
Nd5 34. Nxa5 Rxf1+ 35. Kxf1 Ne3+ 36. Ke2 Nxc2 37. Nc6 Kf8 0-1

[Event "Amsterdam Chess Tournament 2005"]
[Site "Amsterdam NED"]
[Date "2005.07.22"]
[Round "7.16"]
[White "Van de Oudeweetering, Arthur"]
[Black "Hoffmann, Michael"]
[Result "1/2-1/2"]
[WhiteElo "2368"]
[BlackElo "2475"]
[PlyCount "25"]
[EventDate "2005.07.16"]
[EventType "tourn"]
[EventRounds "9"]
[EventCountry "NED"]
[Source "lmi"]
[SourceDate "2005.07.25"]

1. e4 c5 2. c3 d5 3. exd5 Qxd5 4. d4 Nf6 5. Nf3 e6 6. Be3 cxd4 7. cxd4 Bb4+ 8.
Nc3 O-O 9. Bd3 b6 10. O-O Bxc3 11. bxc3 Ba6 12. Bxa6 Nxa6 13. Qe2 1/2-1/2

[Event "Amsterdam Chess Tournament 2005"]
[Site "Amsterdam NED"]
[Date "2005.07.22"]
[Round "7.17"]
[White "Vrenegoor, Taco"]
[Black "Senff, Martin"]
[Result "1/2-1/2"]
[WhiteElo "2349"]
[BlackElo "2467"]
[PlyCount "50"]
[EventDate "2005.07.16"]
[EventType "tourn"]
[EventRounds "9"]
[EventCountry "NED"]
[Source "lmi"]
[SourceDate "2005.07.25"]

1. e4 c5 2. Nf3 d6 3. d4 cxd4 4. Nxd4 Nf6 5. Nc3 a6 6. Bg5 e6 7. f4 Qb6 8. Qd2
Qxb2 9. Rb1 Qa3 10. f5 Nc6 11. fxe6 fxe6 12. Nxc6 bxc6 13. e5 dxe5 14. Bxf6
gxf6 15. Ne4 Qxa2 16. Rd1 Be7 17. Be2 O-O 18. O-O Ra7 19. Rf3 Rd7 20. Rg3+ Kh8
21. Qh6 Rxd1+ 22. Bxd1 Rf7 23. Qh5 Qa5 24. Kf1 Qd8 25. Qxf7 Qxd1+ 1/2-1/2

[Event "Amsterdam Chess Tournament 2005"]
[Site "Amsterdam NED"]
[Date "2005.07.22"]
[Round "7.18"]
[White "Williams, Simon"]
[Black "Buckley, Simon T"]
[Result "1-0"]
[WhiteElo "2461"]
[BlackElo "2333"]
[PlyCount "63"]
[EventDate "2005.07.16"]
[EventType "tourn"]
[EventRounds "9"]
[EventCountry "NED"]
[Source "lmi"]
[SourceDate "2005.07.25"]

1. d4 d5 2. c4 c6 3. Nc3 Nf6 4. Nf3 a6 5. h3 Bf5 6. Ne5 Ne4 7. g4 Nxc3 8. bxc3
Be4 9. f3 f6 10. fxe4 fxe5 11. cxd5 e6 12. dxe6 Qh4+ 13. Kd2 exd4 14. cxd4 Qf6
15. e5 Bb4+ 16. Kc2 Qxe6 17. Qd3 Nd7 18. e3 Rf8 19. Qc4 Qe7 20. a3 Ba5 21. Qb3
O-O-O 22. Ra2 Nb6 23. Kb1 Rd5 24. Ka1 Qe6 25. Rb2 Qd7 26. Bd3 Kb8 27. Bd2 Qe7
28. Bb4 Bxb4 29. Qxb4 Qxb4 30. Rxb4 Nc8 31. Rhb1 Rf7 32. Bc4 1-0

[Event "Amsterdam Chess Tournament 2005"]
[Site "Amsterdam NED"]
[Date "2005.07.22"]
[Round "7.19"]
[White "Jonkman, Harmen"]
[Black "Slingerland, Fred"]
[Result "1/2-1/2"]
[WhiteElo "2454"]
[BlackElo "2259"]
[PlyCount "71"]
[EventDate "2005.07.16"]
[EventType "tourn"]
[EventRounds "9"]
[EventCountry "NED"]
[Source "lmi"]
[SourceDate "2005.07.25"]

1. e4 c5 2. c3 e5 3. Nf3 Nc6 4. Bc4 Nf6 5. d3 Be7 6. O-O O-O 7. Re1 d6 8. h3 a6
9. a4 Rb8 10. d4 cxd4 11. cxd4 Qc7 12. Bf1 exd4 13. Nxd4 d5 14. Nc3 dxe4 15.
Nxc6 Qxc6 16. Bf4 Rd8 17. Bxb8 Rxd1 18. Raxd1 Be6 19. Rc1 Qe8 20. Be5 h6 21.
Nxe4 Nxe4 22. Rxe4 Bf5 23. Ree1 Qxa4 24. Bxg7 Bb4 25. Bc3 Bxc3 26. Rxc3 Be6 27.
Rg3+ Kf8 28. Rf3 Kg7 29. Rg3+ Kf8 30. Rf3 Kg7 31. Bd3 Qb4 32. Re2 b5 33. Rg3+
Kf8 34. Rf3 Kg7 35. Rg3+ Kf8 36. Rf3 1/2-1/2

[Event "Amsterdam Chess Tournament 2005"]
[Site "Amsterdam NED"]
[Date "2005.07.22"]
[Round "7.20"]
[White "D'Costa, Lorin"]
[Black "Bosboom, Manuel"]
[Result "1-0"]
[WhiteElo "2352"]
[BlackElo "2419"]
[PlyCount "77"]
[EventDate "2005.07.16"]
[EventType "tourn"]
[EventRounds "9"]
[EventCountry "NED"]
[Source "lmi"]
[SourceDate "2005.07.25"]

1. e4 c5 2. Nf3 d6 3. d4 cxd4 4. Nxd4 Nf6 5. Nc3 a6 6. a4 g6 7. g3 h5 8. h3 e5
9. Nde2 Be6 10. Bg2 Nbd7 11. Be3 Rc8 12. Qd2 Be7 13. O-O Nc5 14. f4 a5 15. b3
Qd7 16. Kh2 h4 17. g4 exf4 18. Nxf4 O-O 19. Bd4 Nh7 20. Nfd5 Bxd5 21. Nxd5 Ne6
22. Be3 Qd8 23. Bb6 Qe8 24. Bxa5 Bg5 25. Qf2 Nc5 26. Rae1 Qe5+ 27. Kh1 Ne6 28.
c4 Nc5 29. Bc3 Qe6 30. Qc2 Nd7 31. a5 Ne5 32. Rd1 Rc6 33. Qa2 Re8 34. Qf2 Rcc8
35. Qa7 Nf6 36. Bd2 Nxe4 37. Bxe4 Nxg4 38. Bg2 Ne3 39. Rde1 1-0

[Event "Amsterdam Chess Tournament 2005"]
[Site "Amsterdam NED"]
[Date "2005.07.22"]
[Round "7.22"]
[White "Purnama, Tirta Chandra"]
[Black "Bellin, Robert"]
[Result "1/2-1/2"]
[WhiteElo "2337"]
[BlackElo "2399"]
[PlyCount "58"]
[EventDate "2005.07.16"]
[EventType "tourn"]
[EventRounds "9"]
[EventCountry "NED"]
[Source "lmi"]
[SourceDate "2005.07.25"]

1. d4 f5 2. c4 Nf6 3. g3 e6 4. Bg2 Be7 5. Nf3 c6 6. O-O O-O 7. b3 a5 8. a3 d6
9. Bb2 Bd7 10. Nbd2 Na6 11. Qc2 b5 12. e4 fxe4 13. Nxe4 bxc4 14. bxc4 Rb8 15.
Neg5 h6 16. Nh3 c5 17. Nf4 cxd4 18. Nxd4 Nc5 19. Nc6 Bxc6 20. Bxc6 e5 21. Ng6
Rf7 22. Rad1 Qb6 23. Bb5 Nfe4 24. a4 Ng5 25. h4 Nf3+ 26. Kg2 Qb7 27. Rd5 Bd8
28. Rfd1 Bf6 29. Ba3 Nd4 1/2-1/2

[Event "Amsterdam Chess Tournament 2005"]
[Site "Amsterdam NED"]
[Date "2005.07.22"]
[Round "7.25"]
[White "Bezemer, Arno"]
[Black "Witt, Rob"]
[Result "0-1"]
[WhiteElo "2364"]
[BlackElo "2292"]
[PlyCount "52"]
[EventDate "2005.07.16"]
[EventType "tourn"]
[EventRounds "9"]
[EventCountry "NED"]
[Source "lmi"]
[SourceDate "2005.07.25"]

1. e4 e6 2. d4 d5 3. Nd2 c5 4. Ngf3 Nc6 5. exd5 exd5 6. Bb5 Bd6 7. dxc5 Bxc5 8.
O-O Nge7 9. Nb3 Bd6 10. Re1 O-O 11. Bd3 Qc7 12. c3 a6 13. Bc2 f6 14. h3 Bd7 15.
Nfd4 Ne5 16. Qh5 g6 17. Qh4 Rf7 18. Bh6 Qb6 19. Re2 a5 20. a4 Rc8 21. Ra2 Bb8
22. f4 Bf5 23. Qf2 Bxc2 24. Rxc2 Ba7 25. g4 Nd3 26. Qe3 Qxb3 0-1

[Event "Amsterdam Chess Tournament 2005"]
[Site "Amsterdam NED"]
[Date "2005.07.22"]
[Round "7.26"]
[White "Van Leent, Dimitri"]
[Black "Beckhuis, Gernod"]
[Result "1-0"]
[WhiteElo "2261"]
[BlackElo "2324"]
[PlyCount "83"]
[EventDate "2005.07.16"]
[EventType "tourn"]
[EventRounds "9"]
[EventCountry "NED"]
[Source "lmi"]
[SourceDate "2005.07.25"]

1. e4 e5 2. Nf3 Nc6 3. Bb5 a6 4. Ba4 Nf6 5. O-O Be7 6. Re1 b5 7. Bb3 d6 8. c3
O-O 9. h3 Na5 10. Bc2 c5 11. d4 Qc7 12. Nbd2 cxd4 13. cxd4 Bb7 14. Nf1 Rac8 15.
Bb1 exd4 16. Nxd4 Rfe8 17. Ng3 Nc4 18. a4 b4 19. Ndf5 Bf8 20. b3 Ne5 21. Bb2 g6
22. Qd2 h5 23. Kh1 Kh7 24. f4 Ned7 25. Bd3 d5 26. e5 Ne4 27. Bxe4 dxe4 28. Rac1
Nc5 29. Nd6 Qd7 30. Qd4 Ne6 31. Nxe8 Qxe8 32. Nxe4 Nxd4 33. Nf6+ Kh6 34. Nxe8
Nxb3 35. Rxc8 Bxc8 36. Nd6 Be6 37. g4 Nc5 38. Rd1 hxg4 39. hxg4 Bxg4 40. Nxf7+
Kg7 41. e6+ Kg8 42. Nh6+ 1-0

[Event "Amsterdam Chess Tournament 2005"]
[Site "Amsterdam NED"]
[Date "2005.07.22"]
[Round "7.29"]
[White "Schmitz, Henk"]
[Black "Breivik, Lars"]
[Result "1-0"]
[WhiteElo "2306"]
[BlackElo "2217"]
[PlyCount "115"]
[EventDate "2005.07.16"]
[EventType "tourn"]
[EventRounds "9"]
[EventCountry "NED"]
[Source "lmi"]
[SourceDate "2005.07.25"]

1. e4 c5 2. d3 Nc6 3. g3 g6 4. Bg2 Bg7 5. f4 e6 6. Nf3 Nge7 7. O-O O-O 8. c3 d5
9. Na3 Rb8 10. e5 b5 11. Be3 b4 12. cxb4 d4 13. Bf2 Nxb4 14. Nc4 Ba6 15. Ng5
Nf5 16. g4 Bxc4 17. dxc4 Ne3 18. Bxe3 dxe3 19. Be4 e2 20. Qxe2 Bxe5 21. fxe5
Qxg5 22. a3 Na6 23. Bg2 Rb3 24. Rad1 Re3 25. Qf2 Qxe5 26. Rd7 Re2 27. Qf3 Qxb2
28. Rxa7 Qd4+ 29. Kh1 Re3 30. Qf2 Rxa3 31. Qxd4 cxd4 32. Bb7 Nc5 33. Rxa3 Nxb7
34. Ra7 Nc5 35. Rc7 Ne4 36. Rd7 e5 37. Kg2 Nd2 38. Rc1 Rc8 39. c5 Nb3 40. Rf1
Nxc5 41. Rdxf7 Ne6 42. Re7 Nf4+ 43. Kg3 Rc3+ 44. Rf3 Ne2+ 45. Kf2 d3 46. Rxe5
d2 47. Rd5 Rxf3+ 48. Kxf3 Ng1+ 49. Ke4 Nh3 50. Rxd2 Kg7 51. Ke5 Ng5 52. Rd7+
Kh6 53. Rd3 Kg7 54. h4 Nf7+ 55. Ke6 Nh6 56. Rd7+ Kf8 57. g5 Nf5 58. Kf6 1-0

[Event "Amsterdam Chess Tournament 2005"]
[Site "Amsterdam NED"]
[Date "2005.07.22"]
[Round "7.30"]
[White "Van der Poel, Henk"]
[Black "Ansell, Simon"]
[Result "0-1"]
[WhiteElo "2280"]
[BlackElo "2407"]
[PlyCount "98"]
[EventDate "2005.07.16"]
[EventType "tourn"]
[EventRounds "9"]
[EventCountry "NED"]
[Source "lmi"]
[SourceDate "2005.07.25"]

1. e4 c5 2. Nf3 Nc6 3. d4 cxd4 4. Nxd4 e5 5. Nb5 d6 6. c4 Be7 7. Bd3 Nf6 8.
N1c3 a6 9. Na3 O-O 10. O-O Nd7 11. Nc2 Bg5 12. Nd5 Nc5 13. b4 Bxc1 14. Rxc1 Ne6
15. a4 a5 16. b5 Ne7 17. Nce3 Nc5 18. Nxe7+ Qxe7 19. Nd5 Qg5 20. Bb1 Bh3 21.
Qf3 Be6 22. Nb6 Rae8 23. Qd1 Qd8 24. Nd5 Bxd5 25. cxd5 g6 26. Rc3 Qe7 27. Bc2
Rc8 28. Qd2 Nd7 29. Rxc8 Rxc8 30. Bd1 Ra8 31. f4 exf4 32. Qxf4 Ne5 33. Be2 Rc8
34. Rc1 Rxc1+ 35. Qxc1 Qd8 36. Qe3 Qc7 37. h3 Kg7 38. Kh2 Qc2 39. Bf1 Qxa4 40.
Qb6 Qxe4 41. Qxa5 Qf4+ 42. Kg1 Qd4+ 43. Kh2 Qd1 44. Kg1 Qxd5 45. Qa1 Qc5+ 46.
Kh1 h5 47. Qe1 Qd4 48. Qb1 b6 49. Qe1 d5 0-1